书目信息 |
| 题名: |
五金商品知识
|
|
| 作者: | ;四川省重庆五金分公司 编 | |
| 分册: | ||
| 出版信息: | 重庆 重庆出版社 1981 |
|
| 页数: | 556页 | |
| 开本: | 26cm | |
| 丛书名: | ||
| 单 册: | ||
| 中图分类: | F764.3 | |
| 科图分类: | ||
| 主题词: | 商品学 | |
| 电子资源: | ||
| ISBN: | ||
| 000 | 00602nam0 2200193 450 | |
| 001 | 0664321843 | |
| 005 | 20060727175336.03 | |
| 010 | @dCNY3.99 | |
| 100 | @a20060727d1981 km y0chiy0120 ea | |
| 101 | 0 | @achi |
| 102 | @aCN | |
| 200 | 1 | @a五金商品知识@Awu jin shang pin zhi shi@f四川省重庆五金分公司编@Fsi chuan sheng chong qing wu jin fen gong si bian |
| 210 | @a重庆@c重庆出版社@d1981 | |
| 215 | @a556页@c图表@d26cm | |
| 606 | 0 | @a商品学 |
| 690 | @aF764.3@v3 | |
| 711 | 0 | @a四川省重庆五金分公司@Asi chuan sheng chong qing wu jin fen gong si@4编 |
| 801 | 0 | @aCN@bPFT@c20060727 |
| 905 | @a10447@dF764.3@e15 | |
| 五金商品知识/四川省重庆五金分公司编.-重庆:重庆出版社,1981 |
| 556页:图表;26cm |
| ISBN :CNY3.99 |
| ● |
| 相关链接 |
|
|
|
|
正题名:五金商品知识
索取号:F764.3/15
 
预约/预借
| 序号 | 登录号 | 条形码 | 馆藏地/架位号 | 状态 | 备注 |
| 1 | 0440179 | 204401799 | 密集书库/ [索取号:F764.3/15] | 在馆 |